Regió 7 : dos anys llargs de 'premsa viva' / dos anys llargs de 'premsa viva' /

por Regió7

Publicado: Barcelona : Diputació de Barcelona , 1981
Descripción Física: 3 pag. ; Il. b/n ; 28 cm.
Colección: Arrel : revista editada per la Diputació de Barcelona ; Núm. 1 (abril-juny, 1981) ; pàgs. 35-37

MARC

LEADER 00000nab a2200000 a 4500
001 8160
003 Arxiu
008 160829s9999 xx 000 0 cat d
100 |a Regió7  |9 40841 
245 |a Regió 7 :  |b  dos anys llargs de 'premsa viva' /   |c Equip de Regió 7 
260 |a Barcelona :   |b Diputació de Barcelona ;   |c 1981 
300 |a 3 pag. ;   |b Il. b/n ;   |c 28 cm. 
490 |a Arrel : revista editada per la Diputació de Barcelona ;   |v Núm. 1 (abril-juny, 1981) ; pàgs. 35-37  |x 0211-562X 
650 0 |a Premsa comarcal  |x Catalunya   |9 40842 
650 |a Regió 7 (Revista)  |9 40843 
856 4 |u https://media.diba.cat/diba/fitxers/arxiu/hemeroteca/arrel/8160/bib_8160_1981_1984_n01_a05_baixa.pdf  |y Accés lliure 
856 4 |u https://media.diba.cat/diba/fitxers/arxiu/hemeroteca/arrel/8160/bib_8160_1981_1984_n01_a05_baixa.pdf  |y bib_8160_1981_1984_n01_a05_baixa.pdf 
901 |a Arxiu 
942 |n 1  |2 udc  |c Articles de revista 
952 |0 0  |1 0  |4 0  |6 REV93  |7 1  |9 49929  |a Arxiu  |b Arxiu  |d 2016-12-01  |o Rev-93  |r 2016-12-01 00:00:00  |w 2016-12-01  |y ARXIU 
999 |c 53771  |d 53771 
900 |a bib_8160_1981_1984_n01_a05_baixa.pdf